01410nam a22003494a 4500001001200000003000800012006001900020007001500039008004100054010001700095020002800112040002100140035002100161050002300182082001700205100002600222245009100248260003900339300002600378490006000404504006600464533015200530650003100682650003900713650003000752650003700782655002900819700002000848710001700868830004900885856012600934ebr10023092CaPaEBRm u cr cn|||||||||010614s2002 ctua sb 001 0 eng  z 2001036306 z027597510X (alk. paper) aCaPaEBRcCaPaEBR a(OCoLC)61468310814aBF431b.L96 2002eb04a153.9/092211 aLynn, Richard,d1930-10aIQ and the wealth of nationsh[electronic resource] /cRichard Lynn and Tatu Vanhanen. aWestport, Conn. :bPraeger,c2002. axviii, 298 p. :bill.1 aHuman evolution, behavior, and intelligence,x1063-2158 aIncludes bibliographical references (p. [273]-290) and index. aElectronic reproduction.bPalo Alto, Calif. :cebrary,d2013.nAvailable via World Wide Web.nAccess may be limited to ebrary affiliated libraries. 0aIntellectxSocial aspects. 0aIntellectvCross-cultural studies. 0aNational characteristics. 0aEconomicsxSociological aspects. 7aElectronic books.2local1 aVanhanen, Tatu.2 aebrary, Inc. 0aHuman evolution, behavior, and intelligence.40uhttp://site.ebrary.com/lib/rucke/Doc?id=10023092zAn electronic book accessible through the World Wide Web; click to view